Iconos : Revista de Ciencias Sociales /

ICONOS es una revista especializada de Ciencias Sociales de la Facultad Latinoamericana de Ciencias Sociales. Su objetivo es estimular un tipo de reflexión que vincule las inquietudes acadèmicas de las ciencias sociales con problemas de la realidad. La revista esta dirigida a todos quienes se intere...

Full description

Bibliographic Details
Corporate Author: FLACSO (Organización) Sede Ecuador
Format: Revista
Published: Quito FLACSO 1997
Subjects:
Online Access:

MARC

LEADER 00000cas a2200000 a 4500
001 034402
003 UAHC_CL
005 20170803123735.0
008 130424s1997 sp j 000 1 ec
022 |a 13901249 
040 |a UAHC_CL  |c UAHC_CL  |d UAHC_CL 
245 1 0 |a Iconos :  |b Revista de Ciencias Sociales /  |c FLACSO Ecuador. 
246 2 |a Revista de Ciencias Sociales 
260 |b FLACSO  |c 1997  |a Quito 
300 |a v. 
520 |a ICONOS es una revista especializada de Ciencias Sociales de la Facultad Latinoamericana de Ciencias Sociales. Su objetivo es estimular un tipo de reflexión que vincule las inquietudes acadèmicas de las ciencias sociales con problemas de la realidad. La revista esta dirigida a todos quienes se interesen por conocer, ampliar y profundizar, desdes perspectivas académicas, temas de debate social, político, cultural y económico del Ecuador, la región andina y el mundo en general. 
650 4 |a ANTROPOLOGIA  |v PUBLICACIONES PERIODICAS 
650 4 |a HUMANIDADES  |v PUBLICACIONES PERIODICAS 
650 4 |a CIENCIAS SOCIALES  |v PUBLICACIONES PERIODICAS 
650 4 |a ECOLOGIA  |v PUBLICACIONES PERIODICAS 
653 |a SOCIOLOGIA 
710 1 |a FLACSO (Organización)  |b Sede Ecuador 
900 |a ICONOS (QUITO) 
942 |c REV 
952 |0 0  |1 0  |4 0  |6 ICONOS_QUITO41_11_000000000000000  |7 0  |8 General  |9 65601  |a BC  |b BC  |c General  |d 2017-08-03  |l 0  |o ICONOS (QUITO)-41/11  |p 1406039  |r 2019-01-03 00:00:00  |t 1  |w 2017-08-03  |y REV 
952 |0 0  |1 0  |4 0  |6 ICONOS_QUITO41_11_000000000000000  |7 0  |8 General  |9 65602  |a BC  |b BC  |c General  |d 2017-08-03  |l 0  |o ICONOS (QUITO)-41/11  |p 1406040  |r 2019-01-03 00:00:00  |t 2  |w 2017-08-03  |y REV 
952 |0 0  |1 0  |4 0  |6 ICONOS_QUITO42_12_000000000000000  |7 0  |8 General  |9 65603  |a BC  |b BC  |c General  |d 2017-08-03  |l 0  |o ICONOS (QUITO)-42/12  |p 1406041  |r 2019-01-03 00:00:00  |t 1  |w 2017-08-03  |y REV 
952 |0 0  |1 0  |4 0  |6 ICONOS_QUITO42_12_000000000000000  |7 0  |8 General  |9 65604  |a BC  |b BC  |c General  |d 2017-08-03  |l 0  |o ICONOS (QUITO)-42/12  |p 1406042  |r 2019-01-03 00:00:00  |t 2  |w 2017-08-03  |y REV 
999 |c 34402  |d 34402